The motivation to work / (Record no. 15695)
[ view plain ]
| 000 -LEADER | |
|---|---|
| fixed length control field | 00865nam a2200289 a 4500 |
| 001 - CONTROL NUMBER | |
| control field | 15695 |
| 003 - CONTROL NUMBER IDENTIFIER | |
| rucl marc code | BD-RjUL |
| 005 - DATE AND TIME OF LATEST TRANSACTION | |
| control field | 20211208235853.0 |
| 008 - FIXED-LENGTH DATA ELEMENTS--GENERAL INFORMATION | |
| fixed length control field | 140210r19671959nyu ab 000 0 eng |
| 035 ## - SYSTEM CONTROL NUMBER | |
| System control number | (BD-RjUL)15750 |
| 040 ## - CATALOGING SOURCE | |
| Original cataloging agency | DLC |
| Transcribing agency | DLC |
| Modifying agency | DLC |
| -- | BD-RjUL |
| Language of cataloging | eng |
| 041 ## - LANGUAGE CODE | |
| Language code of text/sound track or separate title | eng |
| 082 00 - DEWEY DECIMAL CLASSIFICATION NUMBER | |
| Edition number | 20 |
| Classification number | 331.25 |
| Author mark and year | HEM 1967 |
| 100 1# - MAIN ENTRY--PERSONAL NAME | |
| Personal name | Herzberg, Frederick. |
| 9 (RLIN) | 48708 |
| 245 04 - TITLE STATEMENT | |
| Title | The motivation to work / |
| Statement of responsibility, etc. | Frederick Herzberg, Bernard Mausner and Barbara Bloch Snyderman. |
| 250 ## - EDITION STATEMENT | |
| Edition statement | 2d ed. |
| 260 ## - PUBLICATION, DISTRIBUTION, ETC. (IMPRINT) | |
| Place of publication, distribution, etc. | New York : |
| Name of publisher, distributor, etc. | Wiley, |
| Date of publication, distribution, etc. | c1959, [printing 1967] |
| 300 ## - PHYSICAL DESCRIPTION | |
| Pagination | 157 p. ; |
| Size | 24 cm. |
| 504 ## - BIBLIOGRAPHY, ETC. NOTE | |
| Bibliography, etc | Includes bibliography. |
| 650 #0 - SUBJECT ADDED ENTRY--TOPICAL TERM | |
| Topical term or geographic name as entry element | Job satisfaction. |
| 9 (RLIN) | 42795 |
| Topical term or geographic name as entry element | Work. |
| 9 (RLIN) | 48709 |
| 700 ## - ADDED ENTRY--PERSONAL NAME | |
| Personal name | Mausner, Bernard |
| Personal name | Snyderman, Barbara Bloch |
| 942 ## - ADDED ENTRY ELEMENTS (KOHA) | |
| Source of classification or shelving scheme | Dewey Decimal Classification |
| Koha item type | Books |
| Lost status | Source of classification or shelving scheme | Damaged status | Not for loan | Collection code | Permanent Location | Current Location | Shelving location | Date acquired | Source of acquisition | Cost, normal purchase price | Total Checkouts | Full call number | Date last seen | Date checked out | Copy number | Koha item type |
|---|---|---|---|---|---|---|---|---|---|---|---|---|---|---|---|---|
| Dewey Decimal Classification | Non-fiction | Central Library, University of Rajshahi | Central Library, University of Rajshahi | 01/04/1970 | Zeitlinger | 56.00 | 1 | 331.25 HEM 1959 | 23/05/2024 | 06/05/2024 | C-2 | Books | ||||
| Dewey Decimal Classification | Non-fiction | Central Library, University of Rajshahi | Central Library, University of Rajshahi | 14/10/1984 | Tappan- Tulip | 4.70 | 331.25 HEM 1959 | 13/02/2014 | C-9 | Books | ||||||
| Dewey Decimal Classification | Non-fiction | Central Library, University of Rajshahi | Central Library, University of Rajshahi | 01/04/1970 | Zeitlinger | 56.00 | 331.25 HEM 1959 | 13/02/2014 | C-5 | Books | ||||||
| Dewey Decimal Classification | Non-fiction | Central Library, University of Rajshahi | Central Library, University of Rajshahi | 14/10/1984 | Toppan Tulip | 4.70 | 331.25 HEM 1959 | 28/11/2016 | C-3 | Books | ||||||
| Dewey Decimal Classification | Not For Loan | Non-fiction | Central Library, University of Rajshahi | Central Library, University of Rajshahi | Reading Room | 21/12/1981 | Heffer | 4.75 | 331.25 HEM 1959 | 01/01/2017 | C-1 | Books | ||||
| Dewey Decimal Classification | Non-fiction | Central Library, University of Rajshahi | Central Library, University of Rajshahi | 01/04/1970 | Zeitlinger | 56.00 | 331.25 HEM 1967 | 28/05/2019 | C-4 | Books | ||||||
| Dewey Decimal Classification | Non-fiction | Central Library, University of Rajshahi | Central Library, University of Rajshahi | 01/04/1970 | Zeitlinger | 56.00 | 331.25 HEM 1967 | 28/05/2019 | C-6 | Books | ||||||
| Dewey Decimal Classification | Non-fiction | Central Library, University of Rajshahi | Central Library, University of Rajshahi | 19/10/1979 | Heffers | 8.10 | 331.25 HEM 1959 | 28/05/2019 | C-7 | Books | ||||||
| Dewey Decimal Classification | Non-fiction | Central Library, University of Rajshahi | Central Library, University of Rajshahi | 01/04/1970 | Zeitlinger | 56.00 | 331.25 HEM 1967 | 28/05/2019 | C-8 | Books | ||||||
| Dewey Decimal Classification | Non-fiction | Central Library, University of Rajshahi | Central Library, University of Rajshahi | 19/10/1979 | Heffers | 8.10 | 331.25 HEM 1959 | 28/05/2019 | C-10 | Books |